Fr. Conceicao Rodrigues College of Engineering

A text book of Fluid Mechanics (Record no. 18532)

MARC details
000 -LEADER
fixed length control field 00279nam a2200133Ia 4500
082 ## - DEWEY DECIMAL CLASSIFICATION NUMBER
Classification number 620.106
Item number RAJ
100 ## - MAIN ENTRY--PERSONAL NAME
Personal name Rajput/R.K
245 ## - TITLE STATEMENT
Title A text book of Fluid Mechanics
260 ## - PUBLICATION, DISTRIBUTION, ETC.
Name of publisher, distributor, etc. S.Chand & co
Date of publication, distribution, etc. 1998
300 ## - PHYSICAL DESCRIPTION
Extent 876
546 ## - LANGUAGE NOTE
Language note ENGLISH
654 ## - SUBJECT ADDED ENTRY--FACETED TOPICAL TERMS
Focus term fluid
942 ## - ADDED ENTRY ELEMENTS (KOHA)
Koha item type BOOK
Holdings
Withdrawn status Lost status Damaged status Not for loan Collection Home library Current library Date acquired Total Checkouts Full call number Barcode Date last seen Date last checked out Price effective from Koha item type
        CRC Fr. Agnel's C.Rodrigues College of Engineering Fr. Agnel's C.Rodrigues College of Engineering 17/03/2023 1 620.106 RAJ 14430 15/10/2024 30/09/2024 17/03/2023 BOOK